LEADER 01522nam a2200289 i 4500 001 000000132374 003 CaOOAMICUS 005 20260427170716.0 008 050113s1977 it u000 u ita u 040 $aSeMil$bita 100 1 $aLe Roy Ladurie, Emmanuel,$d<1929-2023>.$0(OLS)http://semarc/name/25813 240 10$aMontaillou, village occitan de 1294 à 1324.$0(OLS)http://semarc/title/194448 245 10$aStoria di un paese: Montaillou :$bun villaggio occitanico durante l'Inquisizione (1294-1324) /$cEmmanuel Le Roy Ladurie ; traduzione di Giovanni Bogliolo. 264 1$aMilano :$bRizzoli,$c1977. 300 $a544 p. :$b[3] p. di tav. ;$c23 cm. 490 1 $aCollana storica Rizzoli 650 4$aInquisizione - Roma.$0(OLS)http://semarc/subject/11923 650 4$aMontaillou - Condizioni economiche e sociali - Sec. 13.-14.$0(OLS)http://semarc/subject/26053 650 4$aMontaillou - Storia - Sec. 13.-14.$0(OLS)http://semarc/subject/26054 700 1 $aBogliolo, Giovanni,$d<1938-2019>.$0(OLS)http://semarc/name/6177 830 0$aCollana storica Rizzoli.$0(OLS)http://semarc/title/7844 850 $aSeMil 852 $aSeMil$W1$xVenegono$y1$m3T III 24$j86291$B86291$CSeMilBibl$Z2$F91617 $81 961 $aOmaggio: Martinelli don Romano 996 $6245$aStoria di un paese: Montaillou :$bun villaggio occitanico durante l'Inquisizione (1294-1324)$9(OLS)http://semarc/title/194447 996 $6264$aMilano :$bRizzoli$9(OLS)http://semarc/publisher/29824